Considérations intempestives: III et IV
সংরক্ষণ করুন:
| প্রধান লেখক: | |
|---|---|
| বিন্যাস: | গ্রন্থ |
| ভাষা: | জার্মান ফরাসি |
| প্রকাশিত: |
París
Aubier
1966
|
| মালা: | Collection Bilingue des Classiques Allemands
|
| বিষয়গুলি: | |
| ট্যাগগুলো: |
ট্যাগ যুক্ত করুন
কোনো ট্যাগ নেই, প্রথমজন হিসাবে ট্যাগ করুন!
|
MARC
| LEADER | 00000nam a2200000 a 4500 | ||
|---|---|---|---|
| 001 | UCZ5277 | ||
| 003 | CL-VaPUC | ||
| 005 | 20250228100411.0 | ||
| 008 | 951117e19660000FR |||||||||||||||||ger|d | ||
| 999 | |c 241597 |d 241595 | ||
| 040 | |c Pontificia Universidad Católica de Valparaíso | ||
| 041 | 0 | 7 | |a ger |2 CL-VaPUC |
| 041 | 0 | 7 | |a fre |2 CL-VaPUC |
| 082 | 0 | 4 | |a 147 |b NIE |2 21 |
| 100 | |a Nietzsche, Friedrich |q (Friedrich Wilhelm) |e auteur |9 875912 | ||
| 245 | 1 | 0 | |a Considérations intempestives: III et IV |
| 260 | |a París |b Aubier |c 1966 | ||
| 300 | |a 301 p | ||
| 490 | 0 | |a Collection Bilingue des Classiques Allemands | |
| 583 | |a last modification |c 20151117 18:50:26 |k Rodrigo Vera | ||
| 650 | 7 | |a PANTEISMO |2 CL-VaPUC |9 338863 | |
| 650 | 0 | |a Vitalismo |9 311571 | |
| 650 | 0 | |a Escuelas filosóficas |9 266232 | |
| 650 | 0 | |a Filosofía alemana |9 265002 | |
| 942 | |c BK |2 ddc | ||
| 945 | |d 19951117 00:00:00 |a cmena | ||
| 952 | |0 0 |1 0 |4 0 |6 147_000000000000000_NIE_1966 |7 0 |8 P |9 253972 |a BIBEDU |b BIBEDU |c BIBEDU_PB |d 2019-11-19 |i 1573721 |o 147 NIE 1966 |p 1573721 |r 2024-01-25 |w 2019-11-19 |y BK |k FIL | ||